Quantitative methods for business decisions / (Record no. 337)

000 -LEADER
fixed length control field 01099pam a2200289 a 4500
001 - CONTROL NUMBER
control field 4377940
003 - CONTROL NUMBER IDENTIFIER
control field OSt
005 - DATE AND TIME OF LATEST TRANSACTION
control field 20140116120825.0
008 - FIXED-LENGTH DATA ELEMENTS--GENERAL INFORMATION
fixed length control field 910320s1991 enka 001 0 eng
010 ## - LIBRARY OF CONGRESS CONTROL NUMBER
LC control number 91013583
020 ## - INTERNATIONAL STANDARD BOOK NUMBER
International Standard Book Number 9781844805747
040 ## - CATALOGING SOURCE
Original cataloging agency DLC
Transcribing agency DLC
Modifying agency DLC
050 00 - LIBRARY OF CONGRESS CALL NUMBER
Classification number HF5691.C87 2008
100 1# - MAIN ENTRY--PERSONAL NAME
Personal name Curwin, Jon.
245 10 - TITLE STATEMENT
Title Quantitative methods for business decisions /
Statement of responsibility, etc Jon Curwin and Roger Slater.
250 ## - EDITION STATEMENT
Edition statement 6th ed.
260 ## - PUBLICATION, DISTRIBUTION, ETC. (IMPRINT)
Place of publication, distribution, etc Australia :
Name of publisher, distributor, etc Thomson ,
Date of publication, distribution, etc 2005.
300 ## - PHYSICAL DESCRIPTION
Extent xix, 790 p. :
Other physical details ill.
500 ## - GENERAL NOTE
General note Includes index.
505 ## - FORMATTED CONTENTS NOTE
Formatted contents note Quantitative information-- Descriptive statistics-- Measuring uncertainty-- Statistical inference-- Relating variables and predicting outcomes-- ModellingGuide to useful mathematical methods
650 #0 - SUBJECT ADDED ENTRY--TOPICAL TERM
Topical term or geographic name as entry element Business mathematics.
650 #0 - SUBJECT ADDED ENTRY--TOPICAL TERM
Topical term or geographic name as entry element Statistics.
700 1# - ADDED ENTRY--PERSONAL NAME
Personal name Slater, Roger.
906 ## - LOCAL DATA ELEMENT F, LDF (RLIN)
a 7
b cbc
c orignew
d 1
e ocip
f 19
g y-gencatlg
942 ## - ADDED ENTRY ELEMENTS (KOHA)
Source of classification or shelving scheme
Koha item type Book
Holdings
Withdrawn status Lost status Source of classification or shelving scheme Damaged status Not for loan Home library Current library Date acquired Source of acquisition Total Checkouts Full call number Barcode Date last seen Date checked out Copy number Price effective from Koha item type Total Renewals
          Riara University Library Riara University Library 17/10/2011 Purchase 7 HF5691.C87 2008 2099/11 11/10/2018 25/09/2018 C.1 17/10/2011 Book  
          Riara University Library Riara University Library 17/10/2011 Purchase 7 HF5691.C87 2008 2098/11 13/03/2024 26/02/2024 C.2 17/10/2011 Book 2
          Riara University Library Riara University Library 17/10/2011 Purchase 6 HF5691.C87 2008 2100/11 27/07/2017 12/07/2017 C.3 17/10/2011 Book  
          Riara University Library Riara University Library 17/10/2011 Purchase 8 HF5691.C87 2008 1998/11 19/11/2018 05/11/2018 C.4 17/10/2011 Book 1
          Riara University Library Riara University Library 17/10/2011 Purchase 7 HF5691.C87 2008 1999/11 15/02/2017 01/02/2017 C.5 17/10/2011 Book 1
          Riara University Library Riara University Library 17/10/2011 Purchase 13 HF5691.C87 2008 1997/11 03/02/2020 14/08/2019 C.6 17/10/2011 Book 1

Riara University Library,
P.O. Box 49940-00100,
Nairobi, Kenya.